Tout les champions de L1 depuis 1932 - Statistiques

Statistiques générales
  • Ce quiz a été pris 295 fois
    87 depuis la dernière actualisation
  • Le résultat moyen est 75 sur 89
Statistiques - réponses
Hint Réponse % Correct
2008 Olympique lyonnais
100%
2007 Olympique lyonnais
100%
2006 Olympique lyonnais
100%
2005 Olympique lyonnais
100%
2004 Olympique lyonnais
100%
2003 Olympique lyonnais
100%
2002 Olympique lyonnais
100%
2025 Paris Saint-Germain
100%
2024 Paris Saint-Germain
100%
2023 Paris Saint-Germain
100%
2022 Paris Saint-Germain
100%
2020 Paris Saint-Germain
100%
2019 Paris Saint-Germain
100%
2018 Paris Saint-Germain
100%
2016 Paris Saint-Germain
100%
2015 Paris Saint-Germain
100%
2014 Paris Saint-Germain
100%
2013 Paris Saint-Germain
100%
2010 Marseille
99%
1972 Marseille
99%
1971 Marseille
99%
1948 Marseille
99%
1937 Marseille
99%
2021 Lille
97%
2011 Lille
97%
2017 AS Monaco
96%
2009 Bordeaux
95%
1999 Bordeaux
95%
1987 Bordeaux
95%
1985 Bordeaux
95%
1984 Bordeaux
95%
1950 Bordeaux
95%
2012 Montpellier HSC
91%
1981 Saint etienne
91%
2000 Monaco
90%
1997 Monaco
90%
1988 Monaco
90%
1982 Monaco
90%
1978 Monaco
90%
1963 Monaco
90%
1961 Monaco
90%
2001 Nantes
90%
1995 Nantes
90%
1983 Nantes
90%
1980 Nantes
90%
1977 Nantes
90%
1973 Nantes
90%
1966 Nantes
90%
1965 Nantes
90%
1998 Lens
86%
1944 Lens
86%
1959 Nice
84%
1956 Nice
84%
1952 Nice
84%
1951 Nice
84%
1979 Strasbourg
84%
1945 Rouen
83%
1954 Lille
82%
1946 Lille
82%
1933 Olympique Lillois
82%
1962 Reims
82%
1960 Reims
82%
1958 Reims
82%
1955 Reims
82%
1953 Reims
82%
1949 Reims
82%
1996 Auxerre
74%
1993 Olympique de Marseille
74%
1992 Olympique de Marseille
74%
1991 Olympique de Marseille
74%
1990 Olympique de Marseille
74%
1989 Olympique de Marseille
74%
1936 Racing club France
70%
1994 Paris
64%
1986 Paris
64%
1938 Sochaux
60%
1935 Sochaux
60%
1976 AS Saint-Étienne
55%
1975 AS Saint-Étienne
55%
1974 AS Saint-Étienne
55%
1970 AS Saint-Étienne
55%
1969 AS Saint-Étienne
55%
1968 AS Saint-Étienne
55%
1967 AS Saint-Étienne
55%
1964 AS Saint-Étienne
55%
1957 AS Saint-Étienne
55%
1939 Sète
53%
1934 Sète
53%
1947 Roubaix
39%
Aucun quiz correspondant
Distribution des résultats
% des personnes avec chaque résultat
Percentile par nombre de réponses
Votre historique - résultats
Vous n’avez pas pris ce quiz depuis la dernière actualisation